| 000 | 00773nam a22001817a 4500 | ||
|---|---|---|---|
| 003 | BD-DhUL | ||
| 005 | 20170329120106.0 | ||
| 008 | 170302s1335 ii a|||| |||| 000 0 ben d | ||
| 040 |
_aBD-DhUL _cBD-DhUL |
||
| 082 |
_a050 _bBHB |
||
| 245 | 0 | 0 |
_aভারতবর্ষ সচিত্র মাসিকপত্র : _b১৫তম বর্ষ-২য় ভাগ / |
| 260 |
_aকলিকাতা : _bগুরুদাস, _c১৩৩৫. |
||
| 300 |
_a৯৬০ পৃ. : _bচিত্র ; _c২৬ সেমি.। |
||
| 500 | _a”প্রথম হইতে পঞ্চবিংশ সংখ্যা [অ - অদ্বৈধ]” | ||
| 650 | 0 | _aEncyclopedias and dictionaries | |
| 651 |
_2সাহিত্য _aইন্ডিয়া |
||
| 942 |
_2ddc _cREF |
||
| 999 |
_c169445 _d169445 |
||